Patents, innovation and economic performance [OECD conference proceedings]
Gespeichert in:
| Format: | Buch |
|---|---|
| Sprache: | Englisch |
| Veröffentlicht: |
Paris
OECD
2004
|
| Schlagworte: | |
| Tags: |
Keine Tags, Fügen Sie das erste Tag hinzu!
|
MARC
| LEADER | 00000nam$a2200000$$$4500 | ||
|---|---|---|---|
| 001 | 0023860 | ||
| 005 | 20220729102029.9 | ||
| 020 | |a 92-64-01526-4 | ||
| 041 | 0 | |a eng | |
| 044 | |a FR | ||
| 245 | 1 | 0 | |a Patents, innovation and economic performance |b [OECD conference proceedings] |
| 264 | 1 | |a Paris |b OECD |c 2004 | |
| 300 | |a 352 s. | ||
| 610 | 2 | 0 | |a patenty |
| 610 | 2 | 0 | |a inovácia |
| 610 | 2 | 0 | |a úrady patentové |
| 610 | 2 | 0 | |a vlastníctvo duševné |
| 610 | 2 | 0 | |a porovnanie medzinárodné |
| 610 | 2 | 0 | |a svet |
| 610 | 2 | 0 | |a OECD |